• 首页
  • 本馆介绍
  • 公告通知
  • 最新文献
  • 馆藏检索
  • 电子资源
  • 读者导购
  • 参考咨询
  • 我的图书馆
  • 登录
  • 详细信息显示
  • 放入我的书架
  • 预约/预借图书
  • 作者相关作品
  • 分类相关作品
  • 丛书相关作品
  • 出版社相关作品

书目信息

  • 表格格式
  • 工作单格式
  • 卡片格式
题名:
Power BI数据清洗与可视化交互式分析
    
 
作者: 陈剑 著
分册:  
出版信息: 北京   电子工业出版社  2020
页数: 12,147页
开本: 24cm
丛书名:
单 册:
中图分类: TP317.3 , TP317
科图分类:
主题词: 可视化软件--数据处理
电子资源:
ISBN: 978-7-121-38360-1
000 00839nam0 2200229 450
001 2357094091
005 20231130155202.16
010    @a978-7-121-38360-1@dCNY59.00
100    @a20200529d2020 em y0chiy50 ea
101 0  @achi
102    @aCN@b110000
105    @aa z 000yy
200 1  @aPower BI数据清洗与可视化交互式分析@APower BI shu ju qing xi yu ke shi hua jiao hu shi fen xi@f陈剑著
210    @a北京@c电子工业出版社@d2020
215    @a12,147页@c彩图@d24cm
330    @a本书共7章,包括Power BI Desktop初体验、数据清洗的革命、数据统计和呈现、建立表关联、交互式分析、使用DAX函数、数据可视化等,其中重点介绍了Power BI在数据清洗和数据可视化方面的应用。
606 0  @a可视化软件@x数据处理
690    @aTP317.3@v5
690    @aTP317@v4
701  0 @a陈剑@Achen jian@4著
801  0 @aCN@b山东中教@c20231126
905    @aBZT@dTP317@e5
    
    Power BI数据清洗与可视化交互式分析/陈剑著.-北京:电子工业出版社,2020
    12,147页:彩图;24cm
    
    
    ISBN 978-7-121-38360-1:CNY59.00
    本书共7章,包括Power BI Desktop初体验、数据清洗的革命、数据统计和呈现、建立表关联、交互式分析、使用DAX函数、数据可视化等,其中重点介绍了Power BI在数据清洗和数据可视化方面的应用。
●
相关链接 在五车中查询图书 在当当中查询图书 在豆瓣中查询图书


正题名:Power BI数据清洗与可视化交互式分析     索取号:TP317/5         预约/预借

序号 登录号 条形码 馆藏地/架位号 状态 备注
1 2001159910   2001159910   中教(第二批第二书库)/山东中教(第二批)/745/ [索取号:TP317/5] 在馆    
2 2001159911   2001159911   中教(第二批第二书库)/山东中教(第二批)/745/ [索取号:TP317/5] 在馆    
3 2001159912   2001159912   中教(第二批第二书库)/山东中教(第二批)/745/ [索取号:TP317/5] 在馆    
4 2001159913   2001159913   中教(第二批第二书库)/山东中教(第二批)/745/ [索取号:TP317/5] 在馆    
5 2001159914   2001159914   中教(第二批第二书库)/山东中教(第二批)/745/ [索取号:TP317/5] 在馆    
6 2001159915   2001159915   中教(第二批第二书库)/山东中教(第二批)/745/ [索取号:TP317/5] 在馆    
7 2001159916   2001159916   中教(第二批第二书库)/山东中教(第二批)/745/ [索取号:TP317/5] 在馆    
8 2001159917   2001159917   中教(第二批第二书库)/山东中教(第二批)/745/ [索取号:TP317/5] 在馆    
9 2001159918   2001159918   中教(第二批第二书库)/山东中教(第二批)/745/ [索取号:TP317/5] 在馆    
10 2001159919   2001159919   中教(第二批第二书库)/山东中教(第二批)/745/ [索取号:TP317/5] 在馆    
11 2001159920   2001159920   中教(第二批第二书库)/山东中教(第二批)/745/ [索取号:TP317/5] 在馆    
12 2001159921   2001159921   中教(第二批第二书库)/山东中教(第二批)/745/ [索取号:TP317/5] 在馆    
13 2001159922   2001159922   中教(第二批第二书库)/山东中教(第二批)/745/ [索取号:TP317/5] 在馆    
14 2001159923   2001159923   中教(第二批第二书库)/山东中教(第二批)/745/ [索取号:TP317/5] 在馆    
15 2001159924   2001159924   中教(第二批第二书库)/山东中教(第二批)/745/ [索取号:TP317/5] 在馆    
16 2001159925   2001159925   中教(第二批第二书库)/山东中教(第二批)/745/ [索取号:TP317/5] 在馆    
17 2001159926   2001159926   中教(第二批第二书库)/山东中教(第二批)/745/ [索取号:TP317/5] 在馆    
18 2001159927   2001159927   中教(第二批第二书库)/山东中教(第二批)/745/ [索取号:TP317/5] 在馆    
19 2001159928   2001159928   中教(第二批第二书库)/山东中教(第二批)/745/ [索取号:TP317/5] 在馆    
20 2001159929   2001159929   中教(第二批第二书库)/山东中教(第二批)/745/ [索取号:TP317/5] 在馆    
21 2001159930   2001159930   中教(第二批第二书库)/山东中教(第二批)/745/ [索取号:TP317/5] 在馆    
22 2001159931   2001159931   中教(第二批第二书库)/山东中教(第二批)/745/ [索取号:TP317/5] 在馆    
23 2001159932   2001159932   中教(第二批第二书库)/山东中教(第二批)/745/ [索取号:TP317/5] 在馆    
24 2001159933   2001159933   中教(第二批第二书库)/山东中教(第二批)/745/ [索取号:TP317/5] 在馆    
25 2001159934   2001159934   中教(第二批第二书库)/山东中教(第二批)/745/ [索取号:TP317/5] 在馆    
26 2001159935   2001159935   中教(第二批第二书库)/山东中教(第二批)/745/ [索取号:TP317/5] 在馆    
27 2001159936   2001159936   中教(第二批第二书库)/山东中教(第二批)/745/ [索取号:TP317/5] 在馆    
28 2001159937   2001159937   中教(第二批第二书库)/山东中教(第二批)/745/ [索取号:TP317/5] 在馆    
29 2001159938   2001159938   中教(第二批第二书库)/山东中教(第二批)/745/ [索取号:TP317/5] 在馆    
30 2001159939   2001159939   中教(第二批第二书库)/山东中教(第二批)/745/ [索取号:TP317/5] 在馆    
山东省滨州职业学院图书馆 欢迎您!
大连网信软件有限公司© 版权所有